| Tag |
First Indicator |
Second Indicator |
Subfields |
| LEADER |
00000cam a2200000 a 4500 |
| 001 |
in00000023866 |
| 005 |
20151007055542.0 |
| 008 |
871016s1987 ie b b 00110 eng d |
| 020 |
|
|
|a 0861670612
|
| 035 |
|
|
|a (OCoLC)16860776
|
| 035 |
|
|
|9 AAB8565AM
|
| 040 |
|
|
|a EIS
|c EIS
|d CLA
|d TXA
|d UtOrBLW
|
| 049 |
|
|
|a TXAM
|c [A11532994]
|
| 050 |
|
4 |
|a DA935
|b .C36 1987
|
| 100 |
1 |
|
|a Canny, Nicholas P.
|
| 245 |
1 |
0 |
|a From reformation to restoration :
|b Ireland, 1534-1660 /
|c / Nicholas Canny.
|
| 264 |
|
1 |
|a Dublin :
|b Helicon :
|c 1987.
|
| 264 |
|
2 |
|a Dublin :
|b Distributed by the Educational Company of Ireland,
|
| 300 |
|
|
|a viii, 238 pages :
|b 2 maps ;
|c 21 cm.
|
| 336 |
|
|
|a text
|b txt
|2 rdacontent
|
| 337 |
|
|
|a unmediated
|b n
|2 rdamedia
|
| 338 |
|
|
|a volume
|b nc
|2 rdacarrier
|
| 490 |
1 |
|
|a Helicon history of Ireland
|
| 504 |
|
|
|a Bibliography: pages 227-232.
|
| 500 |
|
|
|a Includes index.
|
| 651 |
|
0 |
|a Ireland
|x History
|y 16th century.
|
| 651 |
|
0 |
|a Ireland
|x History
|y 17th century.
|
| 830 |
|
0 |
|a Helicon history of Ireland.
|
| 999 |
|
|
|a MARS
|
| 999 |
f |
f |
|s 6b89e0ba-44b5-3489-8f07-db278555f9cb
|i 54db0002-2e57-375d-b52e-b0650168f7af
|t 0
|
| 952 |
f |
f |
|p normal
|a Texas A&M University
|b College Station
|c Sterling C. Evans Library
|d Evans: Library Stacks
|t 0
|e DA935 .C36 1987
|h Library of Congress classification
|i unmediated -- volume
|m A14811532994
|
| 998 |
f |
f |
|a DA935 .C36 1987
|t 0
|l Evans: Library Stacks
|